[Event "LTU-chT rapid"]
[Site "Marijampole"]
[Date "2018.11.11"]
[Round "6.4"]
[White "Vanagaite, Giedre"]
[Black "Sibajeva, Marija"]
[Result "0-1"]
[WhiteElo "1998"]
[BlackElo "1876"]
[PlyCount "144"]
[EventDate "2018.11.10"]
[EventType "team-swiss (rapid)"]
[EventRounds "7"]
[EventCountry "LTU"]
[SourceTitle "EXT 2020"]
[Source "ChessBase"]
[SourceDate "2019.10.17"]
[SourceVersion "1"]
[SourceVersionDate "2019.10.17"]
[SourceQuality "1"]

1. d4 d5 2. Nf3 Nf6 3. c4 g6 4. Nc3 Bg7 5. Qb3 dxc4 6. Qxc4 0-0 7. e4 c6 8. a4 a5 9. Be3 Na6 10. Qd3 Nb4 11. Qd2 Ng4 12. Bc4 Nxe3 13. fxe3 e6 14. 0-0 b6 15. Na2 Na6 16. Rac1 Bb7 17. Nc3 Qe7 18. e5 Qb4 19. b3 Rad8 20. Ne4 Qxd2 21. Nfxd2 Nc7 22. Nd6 Ba8 23. N2e4 Nd5 24. Rf3 c5 25. Ng5 cxd4 26. exd4 Rxd6 27. exd6 Bxd4+ 28. Kh1 Ne3 29. Bxe6 Bxf3 30. Nxf3 Bc5 31. Bh3 Bxd6 32. Rc6 Bc5 33. Ne5 Nd1 34. Nd3 Re8 35. Rc8 Rxc8 36. Bxc8 Bd4 37. h3 Kf8 38. Kh2 Ne3 39. b4 Ke7 40. bxa5 bxa5 41. Nc1 Kd6 42. Nb3 Bc3 43. Kg3 Nd5 44. Ba6 Bb4 45. Nd4 Kc5 46. Nb3+ Kd6 47. Nd4 f6 48. Bd3 Nb6 49. Bb5 Kd5 50. Nb3 Ke4 51. Kf2 Nd5 52. Bc6 Ke5 53. Kf3 Nc3 54. Ke3 Kd6 55. Be8 Ke7 56. Bc6 Kd6 57. Be8 Ke5 58. Bc6 Nd5+ 59. Kf3 Ne7 60. Bb5 Nf5 61. Be8 Nh4+ 62. Kf2 Ke4 63. Bc6+ Kd3 64. g4 Kc2 65. Nd4+ Kc3 66. Ne6 g5 67. Nc7 Bc5+ 68. Ke2 Bd4 69. Nd5+ Kc4 70. Ne7 Bc5 71. Bb5+ Kb3 72. Bc6 Bxe7 0-1

[Event "LTU-chT rapid"]
[Site "Marijampole"]
[Date "2018.11.10"]
[Round "1.8"]
[White "Sitkauskaite, Leva"]
[Black "Vanagaite, Giedre"]
[Result "0-1"]
[WhiteElo "1292"]
[BlackElo "1998"]
[PlyCount "82"]
[EventDate "2018.11.10"]
[EventType "team-swiss (rapid)"]
[EventRounds "7"]
[EventCountry "LTU"]
[SourceTitle "EXT 2020"]
[Source "ChessBase"]
[SourceDate "2019.10.17"]
[SourceVersion "1"]
[SourceVersionDate "2019.10.17"]
[SourceQuality "1"]

1. c4 c6 2. g3 d5 3. cxd5 cxd5 4. Bg2 Nf6 5. Nf3 Nc6 6. b3 e6 7. Bb2 b5 8. 0-0 Bb7 9. Na3 a6 10. Nc2 Be7 11. Rc1 0-0 12. Ncd4 Rc8 13. Nxc6 Rxc6 14. Nd4 Rxc1 15. Qxc1 Qb6 16. Qb1 Ne4 17. Bxe4 dxe4 18. e3 Rd8 19. Rc1 f6 20. a3 e5 21. Nf5 Bf8 22. Rd1 g6 23. Nh4 Bd5 24. Qc2 Qe6 25. Rc1 Bxb3 26. Qxe4 Rxd2 27. Rc6 Rd1+ 28. Kg2 Qxc6 29. Qxc6 Bd5+ 30. Qxd5+ Rxd5 31. Nf3 Rd3 32. Ne1 Rb3 33. Bc1 Bxa3 34. Bxa3 Rxa3 35. Nc2 Rb3 36. Kf1 a5 37. Ke1 a4 38. Kd2 a3 39. Kc1 a2 40. Kd1 Rb1+ 41. Kd2 Rb2 0-1

[Event "LTU-chT (Women)"]
[Site "Lithuania"]
[Date "2018.04.14"]
[Round "4.1"]
[White "Vanagaite, Giedre"]
[Black "Kaspute, Vesta"]
[Result "1-0"]
[WhiteElo "2055"]
[BlackElo "2068"]
[PlyCount "71"]
[EventDate "2018.03.24"]
[EventType "team-tourn"]
[EventRounds "5"]
[EventCountry "LTU"]
[SourceTitle "EXT 2019"]
[Source "ChessBase"]
[SourceDate "2018.10.10"]
[SourceVersion "1"]
[SourceVersionDate "2018.10.10"]
[SourceQuality "1"]
[WhiteTeam "Kaunas LSM (W)"]
[BlackTeam "Vilnius (W)"]
[WhiteTeamCountry "LTU"]
[BlackTeamCountry "LTU"]

1. d4 Nf6 2. c4 g6 3. f3 c5 4. d5 e6 5. e4 exd5 6. cxd5 d6 7. Be3 Bg7 8. Nc3 0-0 9. Qd2 a6 10. a4 Ne8 11. Bd3 Nd7 12. f4 Qc7 13. Qe2 Ndf6 14. Nf3 Ng4 15. Bd2 f5 16. exf5 gxf5 17. 0-0 Nef6 18. Bc4 Re8 19. Qd3 Ne4 20. Rae1 Bd7 21. Nxe4 fxe4 22. Rxe4 Rxe4 23. Qxe4 b5 24. Ba2 c4 25. Bb1 Qc5+ 26. Kh1 Nf2+ 27. Rxf2 Qxf2 28. Qxh7+ Kf8 29. Bb4 Qf1+ 30. Ng1 Qxf4 31. Qg6 Bf6 32. g3 Qe5 33. Bc3 Qxd5+ 34. Be4 Qxe4+ 35. Qxe4 Re8 36. Qf3 1-0

[Event "LTU-ch U18 Girls"]
[Site "Panevezys"]
[Date "2015.04.02"]
[Round "6"]
[White "Maciuityte, Meda"]
[Black "Vanagaite, Giedre"]
[Result "1/2-1/2"]
[WhiteElo "1496"]
[BlackElo "1981"]
[PlyCount "92"]
[EventDate "2015.03.30"]
[EventType "tourn"]
[EventRounds "8"]
[EventCountry "LTU"]
[SourceTitle "EXT 2017"]
[Source "ChessBase"]
[SourceDate "2016.10.25"]
[SourceVersion "1"]
[SourceVersionDate "2016.10.25"]
[SourceQuality "1"]

1. e4 c5 2. Nf3 e6 3. g3 Nc6 4. Bg2 d6 5. 0-0 Nf6 6. Nc3 Be7 7. d3 0-0 8. Bd2 Rb8 9. a4 a6 10. Ne1 Nd7 11. f4 Qc7 12. f5 Nde5 13. Nf3 Nxf3+ 14. Bxf3 Nd4 15. Bg2 exf5 16. Nd5 Qd8 17. Nxe7+ Qxe7 18. c3 Nc6 19. exf5 Qf6 20. Qh5 g6 21. fxg6 Qxg6 22. Qh4 f5 23. Rae1 Be6 24. Bf4 Rbd8 25. Bf3 Bf7 26. Re3 d5 27. Bg5 Rd7 28. Rfe1 d4 29. Re6 Qxe6 30. Rxe6 Bxe6 31. Bf6 Bf7 32. Qg5+ Bg6 33. h4 Rd6 34. Bxc6 Rfxf6 35. Bd5+ Kg7 36. Bc4 h6 37. Qf4 Bf7 38. Bxf7 Kxf7 39. Qf3 Rd7 40. Qh5+ Kf8 41. Qf3 dxc3 42. bxc3 Kg7 43. Qe3 Rfd6 44. Qe5+ Kg6 45. h5+ Kh7 46. Qxf5+ Kg8 1/2-1/2

[Event "LTU-ch U18 Girls"]
[Site "Panevezys"]
[Date "2015.04.01"]
[Round "5"]
[White "Vanagaite, Giedre"]
[Black "Maciuityte, Meda"]
[Result "1-0"]
[WhiteElo "1981"]
[BlackElo "1496"]
[PlyCount "97"]
[EventDate "2015.03.30"]
[EventType "tourn"]
[EventRounds "8"]
[EventCountry "LTU"]
[SourceTitle "EXT 2017"]
[Source "ChessBase"]
[SourceDate "2016.10.25"]
[SourceVersion "1"]
[SourceVersionDate "2016.10.25"]
[SourceQuality "1"]

1. d4 d5 2. c4 e6 3. Nf3 Nf6 4. Nc3 Be7 5. Bf4 a6 6. c5 Nc6 7. e3 0-0 8. Rb1 Bd7 9. b4 Ne4 10. Nxe4 dxe4 11. Nd2 f5 12. h3 Bf6 13. Bc4 Kh8 14. Bh2 Ne7 15. Qb3 Qc8 16. 0-0 Ng6 17. a4 e5 18. d5 b5 19. axb5 axb5 20. Be2 c6 21. d6 Be6 22. Qc3 Qd7 23. Ra1 Bd5 24. Ra3 f4 25. Bg4 Qf7 26. Bf5 Nh4 27. Bg4 h5 28. Bd1 Qg6 29. g3 f3 30. Kh1 Be6 31. Bc2 Bxh3 32. Bxe4 Qg4 33. Rxa8 Rxa8 34. Ra1 Bg2+ 35. Kg1 Rd8 36. Qc2 Qh3 37. gxh4 Qg4 38. Bf5 Qxh4 39. Qe4 Qg5 40. Bg3 h4 41. Qxh4+ Qxh4 42. Bxh4 Bxh4 43. Be4 Rf8 44. Bxc6 Kh7 45. Be4+ Kh6 46. Ra8 Rf7 47. c6 Bh3 48. c7 Kg5 49. Nxf3+ 1-0

[Event "LTU-ch sf (Women)"]
[Site "Vilnius"]
[Date "2015.02.21"]
[Round "4"]
[White "Urbonaviciute, Zivile"]
[Black "Vanagaite, Giedre"]
[Result "0-1"]
[WhiteElo "1850"]
[BlackElo "1970"]
[PlyCount "116"]
[EventDate "2015.02.18"]
[EventType "swiss"]
[EventRounds "8"]
[EventCountry "LTU"]
[SourceTitle "EXT 2018"]
[Source "ChessBase"]
[SourceDate "2017.10.13"]
[SourceVersion "1"]
[SourceVersionDate "2017.10.13"]
[SourceQuality "1"]

1. e4 c5 2. Nf3 e6 3. d4 cxd4 4. Nxd4 Nf6 5. Nc3 d6 6. Be2 a6 7. 0-0 Qc7 8. Re1 Be7 9. Bf1 Nc6 10. b3 0-0 11. Bb2 Bd7 12. g3 Rac8 13. Rc1 Rfd8 14. Bg2 b5 15. a3 Qb6 16. Nb1 Rc7 17. c4 Ne5 18. cxb5 Rxc1 19. Bxc1 axb5 20. h3 Rc8 21. Qd2 Nc6 22. Bb2 Nxd4 23. Bxd4 Qc7 24. Be3 Qc2 25. Qb4 Kf8 26. Rc1 Qxc1+ 27. Bxc1 Rxc1+ 28. Kh2 Rxb1 29. Qc3 d5 30. exd5 exd5 31. b4 Bf5 32. Qe5 g6 33. Bxd5 Bd7 34. Kg2 Rd1 35. Bf3 Rd3 36. g4 h6 37. h4 g5 38. hxg5 hxg5 39. Qxg5 Ng8 40. Qc1 Kg7 41. g5 Be6 42. Qb2+ f6 43. Qe2 Bc4 44. gxf6+ Bxf6 45. Qe8 Rxa3 46. Qd7+ Ne7 47. Qg4+ Kf8 48. Qf4 Ra6 49. Qb8+ Kg7 50. Qg3+ Ng6 51. Qc7+ Be7 52. Be4 Re6 53. f3 Kf6 54. Qd7 Bxb4 55. Qd4+ Kf7 56. Bf5 Rd6 57. Qe4 Bc3 58. Qe3 Nh4+ 0-1

[Event "EU-ch U18 Girls 24th"]
[Site "Batumi"]
[Date "2014.10.22"]
[Round "4"]
[White "Miracola, Giorgia"]
[Black "Vanagaite, Giedre"]
[Result "0-1"]
[WhiteElo "1841"]
[BlackElo "2062"]
[PlyCount "106"]
[EventDate "2014.10.19"]
[EventType "swiss"]
[EventRounds "9"]
[EventCountry "GEO"]
[SourceTitle "EXT 2015"]
[Source "ChessBase"]
[SourceDate "2014.11.20"]
[SourceVersion "1"]
[SourceVersionDate "2014.11.20"]
[SourceQuality "1"]

1. e4 c5 2. Nf3 e6 3. c4 a6 4. Be2 d6 5. d4 cxd4 6. Nxd4 Nf6 7. Nc3 Be7 8. 0-0 b6 9. b3 Bb7 10. f3 Qc7 11. Bb2 Nbd7 12. Rc1 Rc8 13. Qd2 0-0 14. Rfd1 Qb8 15. Nc2 Rfd8 16. Ne3 Bc6 17. Bf1 Ne5 18. Kh1 b5 19. cxb5 axb5 20. Qe2 b4 21. Nb5 Ng6 22. Nd4 Bb7 23. Qb5 d5 24. exd5 Nxd5 25. Nxd5 Bxd5 26. Nc6 Bxc6 27. Rxd8+ Rxd8 28. Qxc6 Bg5 29. Re1 Rc8 30. Qe4 Bf4 31. g3 Bd6 32. Bc4 Qa8 33. Kg2 Qxe4 34. fxe4 Ra8 35. Ra1 Ra5 36. Bd4 Kf8 37. Kf2 Ne7 38. Kf3 Nc6 39. Bb6 Ne5+ 40. Ke2 Nxc4 41. bxc4 Ra3 42. Bd4 f6 43. Bb2 Ra5 44. Kf3 Ke7 45. h3 Kd7 46. g4 Kc6 47. Ke3 h5 48. Kd3 hxg4 49. hxg4 Rg5 50. Rc1 Rxg4 51. Bd4 Bc5 52. Bxc5 Kxc5 53. Rc2 Rg3+ 0-1

[Event "Olympiad Women-41"]
[Site "Tromsoe"]
[Date "2014.08.14"]
[Round "11.4"]
[White "Kaliadzich, Maryia"]
[Black "Vanagaite, Giedre"]
[Result "0-1"]
[WhiteElo "2020"]
[BlackElo "2032"]
[PlyCount "116"]
[EventDate "2014.08.02"]
[EventType "team-swiss"]
[EventRounds "11"]
[EventCountry "NOR"]
[SourceTitle "CBM 162"]
[Source "ChessBase"]
[SourceDate "2014.09.17"]
[SourceVersion "1"]
[SourceVersionDate "2014.09.17"]
[SourceQuality "1"]
[WhiteTeam "Belarus (W)"]
[BlackTeam "Lithuania (W)"]
[WhiteTeamCountry "BLR"]
[BlackTeamCountry "LTU"]

1. d4 Nf6 2. c4 g6 3. Nc3 d5 4. Bf4 Bg7 5. e3 0-0 6. Nf3 c6 7. h3 e6 8. Bd3 Nbd7 9. 0-0 b6 10. cxd5 exd5 11. Rc1 Bb7 12. Qe2 c5 13. Nb5 c4 14. Bb1 Bc6 15. Nd6 b5 16. Rfe1 Nh5 17. Bh2 f5 18. Ne5 Nxe5 19. dxe5 f4 20. Qg4 Qd7 21. Qg5 Qd8 22. exf4 Qxg5 23. fxg5 Nf4 24. Bxf4 Rxf4 25. g3 Rd4 26. e6 Rd8 27. Nf7 Re8 28. Re2 Bf8 29. a3 b4 30. axb4 Bxb4 31. h4 Rd2 32. Rxd2 Bxd2 33. Rd1 Rxe6 34. Nd8 Ba4 35. Rxd2 Re1+ 36. Kg2 Rxb1 37. Rxd5 Rxb2 38. Rc5 Bb3 39. Rc7 Rd2 40. Nf7 a5 41. g4 a4 42. h5 a3 43. Ne5 Kf8 44. Nxg6+ hxg6 45. h6 a2 46. Ra7 Rd1 47. h7 a1Q 48. Rxa1 Kg7 49. Ra7+ Kh8 50. Rc7 Rd4 51. Kg3 Rd3+ 52. Kh4 c3 53. f4 c2 54. f5 Rd1 55. Rc8+ Kxh7 56. Rc7+ Kg8 57. Rc8+ Kf7 58. Rc7+ Ke8 0-1

[Event "Palanga Baltija op-A"]
[Site "Palanga"]
[Date "2014.06.18"]
[Round "5"]
[White "Vanagaite, Giedre"]
[Black "Jazdanovs, Aleksandrs"]
[Result "1-0"]
[WhiteElo "2044"]
[BlackElo "1652"]
[PlyCount "65"]
[EventDate "2014.06.16"]
[EventType "swiss"]
[EventRounds "9"]
[EventCountry "LTU"]
[SourceTitle "CBM 161 Extra"]
[Source "ChessBase"]
[SourceDate "2014.08.29"]
[SourceVersion "1"]
[SourceVersionDate "2014.08.29"]
[SourceQuality "1"]

1. e4 d5 2. exd5 Qxd5 3. Nc3 Qa5 4. d4 c6 5. Nf3 Nf6 6. Bc4 Bf5 7. 0-0 e6 8. Bd2 Bb4 9. a3 Bxc3 10. Bxc3 Qc7 11. Bb4 a5 12. Bd2 b5 13. Be2 0-0 14. Qc1 Qb6 15. a4 Nbd7 16. c3 bxa4 17. Rxa4 c5 18. Be3 cxd4 19. Nxd4 Qd6 20. Nxf5 exf5 21. Bf3 Ra6 22. Rd1 Qe7 23. Qa1 Nc5 24. Qa3 Nfd7 25. Rxd7 Qxd7 26. Bxc5 Re8 27. Be3 Qb5 28. g3 Rb8 29. Rd4 h6 30. Rd2 g5 31. Be2 Qe5 32. Bxa6 f4 33. Qc5 1-0

[Event "LTU-ch sf (Women)"]
[Site "Vilnius"]
[Date "2014.02.19"]
[Round "3"]
[White "Vanagaite, Giedre"]
[Black "Jakaityte, Ruta"]
[Result "1-0"]
[WhiteElo "2014"]
[BlackElo "1980"]
[PlyCount "69"]
[EventDate "2014.02.17"]
[EventType "swiss"]
[EventRounds "7"]
[EventCountry "LTU"]
[SourceTitle "CBM 158 Extra"]
[Source "ChessBase"]
[SourceDate "2014.02.28"]
[SourceVersion "1"]
[SourceVersionDate "2014.02.28"]
[SourceQuality "1"]

1. e4 c5 2. Nf3 d6 3. d4 cxd4 4. Nxd4 a6 5. Nc3 Nf6 6. f3 Qb6 7. Nb3 Nc6 8. Bg5 e6 9. Qd2 Be7 10. 0-0-0 0-0 11. g4 Rd8 12. Be3 Qc7 13. g5 Nd7 14. h4 b5 15. h5 Nf8 16. f4 Bb7 17. g6 fxg6 18. hxg6 hxg6 19. Nd5 Qb8 20. f5 gxf5 21. exf5 exf5 22. Bd3 g6 23. Qc3 Kf7 24. Qh8 Ke6 25. Qg8+ Kd7 26. Nb6+ Kc7 27. Nd5+ Kd7 28. Nb6+ Kc7 29. Qf7 Nd7 30. Nd5+ Kc8 31. Rh7 Nf8 32. Nb6+ Kc7 33. Nd5+ Kc8 34. Nb6+ Kc7 35. Nc5 1-0

[Event "LTU-ch sf (Women)"]
[Site "Vilnius"]
[Date "2014.02.18"]
[Round "2"]
[White "Gailiunaite, Saule"]
[Black "Vanagaite, Giedre"]
[Result "0-1"]
[WhiteElo "1639"]
[BlackElo "2014"]
[PlyCount "76"]
[EventDate "2014.02.17"]
[EventType "swiss"]
[EventRounds "7"]
[EventCountry "LTU"]
[SourceTitle "CBM 158 Extra"]
[Source "ChessBase"]
[SourceDate "2014.02.28"]
[SourceVersion "1"]
[SourceVersionDate "2014.02.28"]
[SourceQuality "1"]

1. d4 Nf6 2. c4 g6 3. Nc3 d5 4. cxd5 Nxd5 5. e4 Nxc3 6. bxc3 Bg7 7. Bc4 c5 8. Be3 0-0 9. Ne2 Nc6 10. Rc1 Na5 11. Bd3 b6 12. 0-0 Bb7 13. f3 Rc8 14. Re1 Qd7 15. Rb1 Nc4 16. Bf2 Bh6 17. dxc5 Bd2 18. Qb3 Bxe1 19. Rxe1 Nd2 20. Qb2 bxc5 21. Bc2 Nc4 22. Qb3 Ba6 23. Rd1 Qb5 24. Rb1 Qxb3 25. Bxb3 Rfd8 26. Nf4 e6 27. Bh4 Rd7 28. Bg5 Kg7 29. Bh4 h6 30. Be1 g5 31. Nh5+ Kg6 32. Ng3 Nd2 33. Ba4 Nxb1 34. Bxd7 Rb8 35. Bf2 Nxc3 36. Bxc5 Rb1+ 37. Kf2 Nd1+ 38. Kg1 Nb2+ 0-1

[Event "Wch U16 Girls"]
[Site "Al Ain"]
[Date "2013.12.21"]
[Round "5"]
[White "Munoz, Claudia"]
[Black "Vanagaite, Giedre"]
[Result "0-1"]
[WhiteElo "1781"]
[BlackElo "2017"]
[PlyCount "124"]
[EventDate "2013.12.18"]
[EventType "swiss"]
[EventRounds "11"]
[EventCountry "UAE"]
[SourceTitle "CBM 158 Extra"]
[Source "ChessBase"]
[SourceDate "2014.02.28"]
[SourceVersion "1"]
[SourceVersionDate "2014.02.28"]
[SourceQuality "1"]

1. d4 Nf6 2. Bg5 Ne4 3. Bf4 c5 4. d5 d6 5. f3 Nf6 6. c4 g6 7. Nc3 Bg7 8. e4 0-0 9. Be2 Nh5 10. Be3 e6 11. Qd2 exd5 12. Nxd5 Be6 13. Rd1 Nc6 14. g4 Nf6 15. Nh3 Bxd5 16. cxd5 Ne7 17. 0-0 Nd7 18. Kh1 Re8 19. Rg1 a6 20. f4 Nc8 21. Bd3 b5 22. Qf2 Ncb6 23. b3 Nf6 24. Qf3 Qe7 25. Nf2 Nfxd5 26. Bxc5 dxc5 27. exd5 Bd4 28. Rge1 Qxe1+ 29. Rxe1 Rxe1+ 30. Kg2 Re3 31. Qd1 Nxd5 32. Nh3 Rae8 33. Qd2 Bc3 34. Qd1 Bd4 35. Qd2 Nc3 36. Ng1 Re1 37. Bf1 Rd1 38. Qc2 Nd5 39. Qxd1 Ne3+ 40. Kf3 Nxd1 41. Ne2 Nc3 42. Nxc3 Bxc3 43. a4 bxa4 44. bxa4 a5 45. Bb5 Re1 46. Kf2 Kf8 47. f5 gxf5 48. gxf5 Ke7 49. Kf3 Kd6 50. Kf4 f6 51. Kg4 Kd5 52. Kh5 Bd2 53. Kg4 c4 54. Kf3 Kd4 55. Bxc4 Kxc4 56. Kf2 Kd3 57. Kg2 Re3 58. Kf2 Bb4 59. Kg2 Ke2 60. Kg1 Kf3 61. h4 Kg3 62. Kf1 Re1# 0-1